Countries that don't extradite to the US Quiz Stats

Quiz not verified by Sporcle

Challenge
Share
Tweet
Embed
Score 0/71 Timer 11:00
0 Plays Today
% Correct
North Korea
84%
Iran
83%
China
80.9%
Russia
77.7%
Afghanistan
73.4%
Vietnam
73.4%
Algeria
70.2%
Chad
70.2%
Sudan
70.2%
Laos
68.1%
Somalia
68.1%
Angola
66%
Libya
64.9%
Saudi Arabia
64.9%
Cambodia
63.8%
Jordan
63.8%
Oman
63.8%
Syria
63.8%
Yemen
63.8%
Kuwait
62.8%
Mali
62.8%
Qatar
61.7%
Zimbabwe
61.7%
Lebanon
60.6%
Mongolia
60.6%
Nepal
60.6%
Niger
60.6%
Rwanda
60.6%
Uganda
60.6%
Tunisia
59.6%
Madagascar
58.5%
Ethiopia
57.4%
Indonesia
57.4%
Mauritania
57.4%
Myanmar
57.4%
Armenia
56.4%
% Correct
Bhutan
56.4%
Mozambique
56.4%
Namibia
56.4%
Bangladesh
55.3%
Guinea
55.3%
Bahrain
54.3%
Cameroon
54.3%
Guinea-Bissau
54.3%
Senegal
53.2%
Togo
53.2%
Equatorial Guinea
52.1%
Brunei
51.1%
Burundi
51.1%
Burkina Faso
50%
Serbia
50%
the Maldives
48.9%
Djibouti
47.9%
Gabon
47.9%
Taiwan
45.7%
Cape Verde
44.7%
Montenegro
44.7%
the Central African Republic
43.6%
Kosovo
43.6%
Bosnia and Herzegovina
42.6%
Democratic Republic of the Congo
42.6%
Moldova
42.6%
Andorra
41.5%
Vanuatu
41.5%
the Marshall Islands
35.1%
Samoa
29.8%
United Arab Emirates
27.7%
Cote d' Ivoire
25.5%
the Federated States of Micronesia
4.3%
the Union of the Comoros
3.2%
São Tomé & Príncipe
2.1%

You're not logged in!

Compare scores with friends on all Sporcle quizzes.
Sign Up with Email
OR
Log In

You Might Also Like...

Show Comments

Extras

Top Quizzes Today


Score Distribution

Your Account Isn't Verified!

In order to create a playlist on Sporcle, you need to verify the email address you used during registration. Go to your Sporcle Settings to finish the process.

Report this User

Report this user for behavior that violates our Community Guidelines.

Details: